[Event "Titled Tue 27th May Late"]
[Site "chess.com INT"]
[Date "2025.05.27"]
[Round "2"]
[White "Tekeyev, Zaur"]
[Black "Hernandez Leon, Sergio"]
[Result "1-0"]
[WhiteTitle "IM"]
[BlackTitle "CM"]
[WhiteElo "2417"]
[BlackElo "2106"]
[WhiteFideId "4199731"]
[BlackFideId "2285622"]
[EventDate "2025.05.27"]

1. e4 c5 2. Nf3 Nf6 3. e5 Nd5 4. Nc3 e6 5. Nxd5 exd5 6. d4 Nc6 7. c3 d6 8. Bb5
cxd4 9. O-O Bd7 10. Bg5 Be7 11. Bxe7 Nxe7 12. exd6 Ng6 13. Re1+ Kf8 14. Bxd7
Qxd7 15. Qxd4 Qxd6 16. Rad1 f6 17. Qxd5 Qxd5 18. Rxd5 Re8 19. Rd7 Rb8 20. Nd4 1-0

[Event "Titled Tue 27th May Late"]
[Site "chess.com INT"]
[Date "2025.05.27"]
[Round "2"]
[White "Ferreira, Vitor Hugo Vieira"]
[Black "Goltsev, Dmitry"]
[Result "0-1"]
[BlackTitle "FM"]
[WhiteElo "2128"]
[BlackElo "2183"]
[WhiteFideId "2119765"]
[BlackFideId "24176710"]
[EventDate "2025.05.27"]

1. e4 e6 2. d4 d5 3. e5 c5 4. c3 Nc6 5. Nf3 Qb6 6. Bd3 Nh6 7. O-O cxd4 8. cxd4
Nf5 9. Bxf5 exf5 10. a3 h6 11. b4 Be6 12. Nc3 Be7 13. Na4 Qb5 14. Nc5 g5 15. Be3
f4 16. a4 Qb6 17. Bc1 Nxb4 18. a5 Qc6 19. Rb1 Na6 20. Nxb7 Rb8 21. Qb3 Bc8 22.
e6 Qxb7 23. exf7+ Kxf7 24. Ne5+ Kg7 25. Qd3 Qxb1 26. Qxa6 Bxa6 0-1

[Event "Titled Tue 27th May Late"]
[Site "chess.com INT"]
[Date "2025.05.27"]
[Round "2"]
[White "Garbuz, Vitaliy"]
[Black "Duarte Cramer, Lily Jeanette"]
[Result "1-0"]
[WhiteTitle "CM"]
[BlackTitle "WCM"]
[WhiteElo "2224"]
[BlackElo "1828"]
[WhiteFideId "12990710"]
[BlackFideId "29620180"]
[EventDate "2025.05.27"]

1. e4 e5 2. Nf3 Nc6 3. Nc3 Nf6 4. d4 exd4 5. Nd5 Be7 6. Bc4 O-O 7. O-O Nxe4 8.
Re1 f5 9. Nxe7+ Kh8 10. Nxc6 dxc6 11. Qxd4 b5 12. Qxd8 Rxd8 13. Ne5 bxc4 14.
Nf7+ Kg8 15. Nxd8 Bd7 16. f3 Nc5 17. Be3 Na4 18. b3 Nc3 19. Nb7 Nd5 20. Bf2 Nb4
21. Re7 Be8 22. Bd4 Bf7 23. Rd1 Nxc2 24. Bc3 cxb3 25. axb3 Na3 26. Rdd7 Rf8 27.
Nd8 Nb5 28. Nxf7 Nxc3 29. Nh6+ gxh6 30. Rg7+ Kh8 31. Rxh7+ Kg8 32. Rdg7# 1-0

[Event "Titled Tue 27th May Late"]
[Site "chess.com INT"]
[Date "2025.05.27"]
[Round "2"]
[White "Reinecke, Katharina"]
[Black "Sivakumar, Shaashwath"]
[Result "0-1"]
[WhiteTitle "WCM"]
[BlackTitle "FM"]
[WhiteElo "1921"]
[BlackElo "2234"]
[WhiteFideId "12929727"]
[BlackFideId "30912156"]
[EventDate "2025.05.27"]

1. e4 c5 2. Nf3 d6 3. Bb5+ Nd7 4. O-O a6 5. Bd3 e6 6. c3 Ngf6 7. Qe2 b5 8. Ne1
Bb7 9. f4 Qc7 10. Bc2 Rc8 11. d3 Be7 12. Be3 O-O 13. f5 e5 14. Nd2 d5 15. h3 c4
16. exd5 Nxd5 17. Bf2 Nf4 18. Qg4 Nf6 19. Qg3 Ne2+ 0-1

[Event "Titled Tue 27th May Late"]
[Site "chess.com INT"]
[Date "2025.05.27"]
[Round "2"]
[White "Buchenau, Frank"]
[Black "Schulz, Michael1"]
[Result "1-0"]
[WhiteTitle "FM"]
[BlackTitle "FM"]
[WhiteElo "2190"]
[BlackElo "2069"]
[WhiteFideId "4604350"]
[BlackFideId "4616731"]
[EventDate "2025.05.27"]

1. e4 g6 2. d4 Bg7 3. Nc3 c5 4. d5 d6 5. Bb5+ Nd7 6. a4 a6 7. Be2 Ngf6 8. Nf3
O-O 9. O-O Rb8 10. a5 Ne5 11. Nxe5 dxe5 12. Be3 Qc7 13. f4 Ne8 14. f5 gxf5 15.
exf5 Nd6 16. g4 e4 17. Bf4 c4 18. Kh1 Qc5 19. Qd2 Qb4 20. Nxe4 Qxb2 21. Nxd6
exd6 22. Bxd6 Ra8 23. Bxf8 Kxf8 24. d6 Bd7 25. Bf3 Re8 26. Rab1 Qa3 27. Rxb7 Bb5
28. Qd5 1-0

[Event "Titled Tue 27th May Late"]
[Site "chess.com INT"]
[Date "2025.05.27"]
[Round "2"]
[White "Mesquita, Eduardo Barbosa"]
[Black "Silva, Pedro Gil Ferreira Da"]
[Result "0-1"]
[BlackTitle "FM"]
[WhiteElo "2014"]
[BlackElo "2262"]
[WhiteFideId "22757163"]
[BlackFideId "1946102"]
[EventDate "2025.05.27"]

1. Nf3 Nf6 2. d4 e6 3. c4 Bb4+ 4. Nc3 Bxc3+ 5. bxc3 d6 6. Qc2 Qe7 7. Bg5 Nbd7 8.
e4 e5 9. Bd3 O-O 10. O-O c5 11. Rfe1 h6 12. Bh4 Re8 13. h3 Nf8 14. g4 Ng6 15.
Bg3 b6 16. Rab1 Bd7 17. Qd2 Nh7 18. d5 Ng5 19. Nxg5 hxg5 20. Bc2 Nf4 21. Kh2 g6
22. Re3 Kg7 23. Rh1 Rh8 24. Bxf4 gxf4 25. Ree1 Bxg4 26. Kg2 f3+ 27. Kg1 Bxh3 28.
Rh2 Bg2 29. Rxg2 fxg2 30. f4 Qh4 0-1

[Event "Titled Tue 27th May Late"]
[Site "chess.com INT"]
[Date "2025.05.27"]
[Round "2"]
[White "Reprintsev, Alexander"]
[Black "Petrenko, Maryna"]
[Result "1-0"]
[WhiteTitle "IM"]
[BlackTitle "WFM"]
[WhiteElo "2256"]
[BlackElo "2116"]
[WhiteFideId "14100541"]
[BlackFideId "14197820"]
[EventDate "2025.05.27"]

1. e4 c6 2. Nf3 d5 3. e5 e6 4. d4 c5 5. Be3 Nc6 6. Be2 cxd4 7. Nxd4 Nxe5 8. O-O
Bd7 9. f4 Nc6 10. f5 Bd6 11. fxe6 Bxe6 12. Nxe6 fxe6 13. Bg4 g6 14. Bxe6 Bxh2+
15. Kh1 Qh4 16. Bh3 Bd6 17. Qxd5 Nge7 18. Qxd6 1-0

[Event "Titled Tue 27th May Late"]
[Site "chess.com INT"]
[Date "2025.05.27"]
[Round "2"]
[White "Jumabayev, Rinat"]
[Black "Chernobay, Artem"]
[Result "1-0"]
[WhiteTitle "GM"]
[BlackTitle "GM"]
[WhiteElo "2551"]
[BlackElo "2454"]
[WhiteFideId "13702661"]
[BlackFideId "4167406"]
[EventDate "2025.05.27"]

1. Nf3 Nf6 2. g3 g6 3. c4 Bg7 4. Bg2 O-O 5. O-O d6 6. d4 c6 7. Nc3 Bf5 8. Qb3
Qb6 9. Re1 Ne4 10. Nh4 Qxd4 11. Be3 Qe5 12. Nxf5 gxf5 13. Nxe4 fxe4 14. Qxb7 Na6
15. Qxa6 Rfc8 16. Rad1 f5 17. Bd4 Qe6 18. Bxg7 Kxg7 19. Qa4 Rab8 20. Qc2 Qe5 21.
b3 a5 22. f3 1-0

[Event "Titled Tue 27th May Late"]
[Site "chess.com INT"]
[Date "2025.05.27"]
[Round "2"]
[White "Klukin, Kirill"]
[Black "Pavlidou, Ekaterini"]
[Result "1-0"]
[WhiteTitle "IM"]
[BlackTitle "WIM"]
[WhiteElo "2407"]
[BlackElo "2198"]
[WhiteFideId "24199273"]
[BlackFideId "4213262"]
[EventDate "2025.05.27"]

1. d4 Nf6 2. Nf3 e6 3. e3 c5 4. Bd3 b6 5. O-O Bb7 6. c4 d6 7. Nc3 Nbd7 8. b3 Be7
9. Bb2 O-O 10. d5 e5 11. Nd2 Ne8 12. f4 g6 13. Qc2 f5 14. fxe5 Nxe5 15. Rae1 Ng7
16. e4 Bc8 17. Ne2 Nxd3 18. Qxd3 Bf6 19. Bxf6 Qxf6 20. Ng3 f4 21. e5 dxe5 22.
Nge4 Qd8 23. Nf3 Re8 24. Qc3 Nf5 25. Nxe5 Nd4 26. Nf3 Bf5 27. Nxd4 Bxe4 28. Ne6
Rxe6 29. dxe6 Bc6 30. e7 Qd7 31. Rxf4 Re8 32. Rf8+ Rxf8 33. Qh8+ 1-0

[Event "Titled Tue 27th May Late"]
[Site "chess.com INT"]
[Date "2025.05.27"]
[Round "2"]
[White "Gutierrez Olivares, Daniel"]
[Black "Kracht, Raphael"]
[Result "1-0"]
[WhiteTitle "FM"]
[BlackTitle "CM"]
[WhiteElo "2354"]
[BlackElo "2194"]
[WhiteFideId "2264005"]
[BlackFideId "16214382"]
[EventDate "2025.05.27"]

1. Nf3 g6 2. g3 Bg7 3. c4 c6 4. Bg2 d5 5. O-O Nf6 6. d3 O-O 7. Qc2 Nbd7 8. Nbd2
e5 9. Rb1 a5 10. b3 Re8 11. Bb2 h6 12. Rfe1 e4 13. dxe4 dxe4 14. Nd4 e3 15. fxe3
Rxe3 16. Nf1 Re8 17. Rbd1 Qb6 18. Kh1 a4 19. e4 axb3 20. axb3 Ra2 21. Qb1 Ra5
22. Bc3 Ra8 23. b4 c5 24. Nb5 Nf8 25. Rd6 1-0

[Event "Titled Tue 27th May Late"]
[Site "chess.com INT"]
[Date "2025.05.27"]
[Round "2"]
[White "Musial, Igor"]
[Black "Kilic, Eray"]
[Result "0-1"]
[WhiteTitle "FM"]
[BlackTitle "IM"]
[WhiteElo "2304"]
[BlackElo "2469"]
[WhiteFideId "21858110"]
[BlackFideId "44517173"]
[EventDate "2025.05.27"]

1. e4 e5 2. Nf3 d5 3. exd5 e4 4. Qe2 Nf6 5. Nc3 Be7 6. Nxe4 O-O 7. d3 Nxd5 8.
Qd1 f5 9. Nc3 Bb4 10. Bd2 Re8+ 11. Be2 Bxc3 12. bxc3 Qe7 13. c4 Nf6 14. Kf1 Nc6
15. Bc3 Be6 16. Qd2 Rad8 17. Ng5 Bxc4 18. Re1 Bxa2 19. Bf3 Qd6 20. g3 h6 21. Nh3
Bd5 22. Bxd5+ Qxd5 23. Rg1 Ng4 24. Rg2 Nce5 25. Nf4 Qc6 26. Bxe5 Nxe5 0-1

[Event "Titled Tue 27th May Late"]
[Site "chess.com INT"]
[Date "2025.05.27"]
[Round "2"]
[White "Papasimakopoulos, Alexandros"]
[Black "Rabin, Evan"]
[Result "1-0"]
[WhiteTitle "IM"]
[WhiteElo "2366"]
[BlackElo "1945"]
[WhiteFideId "4244125"]
[BlackFideId "2028670"]
[EventDate "2025.05.27"]

1. d4 Nf6 2. c4 e6 3. Nc3 Bb4 4. Qc2 d5 5. cxd5 Qxd5 6. Nf3 Qf5 7. Qxf5 exf5 8.
a3 Be7 9. Bf4 c6 10. e3 Be6 11. Bd3 Nbd7 12. Ng5 O-O 13. Nxe6 fxe6 14. h3 Nd5
15. Bh2 Rad8 16. O-O N7f6 17. Be5 c5 18. Rfd1 cxd4 19. Bxd4 a6 20. Bc4 Kf7 21.
Bb3 Nxc3 22. bxc3 Ne4 23. Bc2 b5 24. a4 Bf6 25. Bxe4 fxe4 26. axb5 axb5 27. Rdb1
e5 28. Bc5 Rfe8 29. Rxb5 Rd3 30. Bb4 Red8 31. g4 Kg6 32. Kg2 h5 33. Rc5 hxg4 34.
hxg4 Rh8 35. Rc4 Rh4 36. Rxe4 Kg5 37. Kg3 Rd8 38. Ra5 Rdh8 39. Kf3 Rh3+ 40. Ke2
Rh2 41. Bd6 Rg2 42. Bxe5 Bxe5 43. Raxe5+ Kf6 44. Rf5+ Kg6 45. Re6+ Kh7 46. Rh5+ 1-0

[Event "Titled Tue 27th May Late"]
[Site "chess.com INT"]
[Date "2025.05.27"]
[Round "2"]
[White "Calvo Gonzalez, Jose Felix"]
[Black "Winkels, Marcel"]
[Result "1-0"]
[WhiteTitle "CM"]
[BlackTitle "CM"]
[WhiteElo "2168"]
[BlackElo "1918"]
[WhiteFideId "54505615"]
[BlackFideId "1003887"]
[EventDate "2025.05.27"]

1. e4 c5 2. Nf3 d6 3. d4 cxd4 4. Nxd4 Nf6 5. Nc3 a6 6. Bg5 Nbd7 7. Bc4 Qc7 8.
Bb3 g6 9. Qe2 Bg7 10. O-O-O O-O 11. h4 h6 12. Be3 b5 13. h5 Nxh5 14. Nd5 Qd8 15.
Nc6 Qe8 16. Nc7 Bb7 17. Nxe8 Rfxe8 18. Nd4 Rac8 19. g4 Nhf6 20. f3 Ne5 21. Bxh6
Nc4 22. Bxg7 Kxg7 23. Bxc4 Rxc4 24. Qh2 1-0

[Event "Titled Tue 27th May Late"]
[Site "chess.com INT"]
[Date "2025.05.27"]
[Round "2"]
[White "Piesik, Piotr"]
[Black "Chelly, Yahya"]
[Result "1-0"]
[WhiteTitle "IM"]
[BlackTitle "CM"]
[WhiteElo "2436"]
[BlackElo "2039"]
[WhiteFideId "1136194"]
[BlackFideId "5516200"]
[EventDate "2025.05.27"]

1. Nf3 d5 2. g3 Nf6 3. Bg2 e6 4. O-O Be7 5. d3 c5 6. Nbd2 b5 7. e4 Bb7 8. Qe2 a5
9. exd5 exd5 10. Re1 Nc6 11. c4 bxc4 12. dxc4 O-O 13. cxd5 Nxd5 14. Nc4 Re8 15.
Bg5 Bxg5 16. Qxe8+ Qxe8 17. Rxe8+ Rxe8 18. Nxg5 Ndb4 19. Nd6 Re7 20. Nxb7 Rxb7
21. a3 Nd3 22. Bxc6 Rxb2 23. Rd1 c4 24. Be4 f6 25. Bd5+ Kf8 26. Ne6+ Ke7 27.
Bxc4 Nxf2 28. Rd4 Nh3+ 29. Kf1 Rxh2 30. Nc5 Rh1+ 31. Kg2 1-0

[Event "Titled Tue 27th May Late"]
[Site "chess.com INT"]
[Date "2025.05.27"]
[Round "2"]
[White "Denishev, Marat"]
[Black "Moreira, Ronaldo Alonso"]
[Result "1-0"]
[WhiteTitle "FM"]
[WhiteElo "2111"]
[BlackElo "2097"]
[WhiteFideId "24131563"]
[BlackFideId "2110547"]
[EventDate "2025.05.27"]

1. d4 Nf6 2. c4 e6 3. Nf3 d5 4. Nc3 Bb4 5. Bg5 h6 6. Bxf6 Qxf6 7. e3 O-O 8. Rc1
Nc6 9. Bd3 dxc4 10. Bxc4 e5 11. O-O Bxc3 12. bxc3 Bg4 13. Be2 Rfd8 14. Nd2 Be6
15. Qa4 Qe7 16. Rb1 Rab8 17. Rfd1 a6 18. h3 exd4 19. cxd4 Bd5 20. Bf3 Bxf3 21.
Nxf3 Rd6 22. Qa3 Rd7 23. Qxe7 Nxe7 24. Ne5 Rd5 25. Rdc1 c6 26. Nxc6 1-0

[Event "Titled Tue 27th May Late"]
[Site "chess.com INT"]
[Date "2025.05.27"]
[Round "2"]
[White "Kislinsky, Alexey"]
[Black "Terry, Renato"]
[Result "0-1"]
[WhiteTitle "GM"]
[BlackTitle "IM"]
[WhiteElo "2350"]
[BlackElo "2508"]
[WhiteFideId "14108801"]
[BlackFideId "3803457"]
[EventDate "2025.05.27"]

1. d4 e6 2. c4 Bb4+ 3. Nd2 Nf6 4. Nf3 a5 5. g3 b6 6. Bg2 Bb7 7. O-O O-O 8. b3
Bc3 9. Rb1 d6 10. Qc2 Bxd2 11. Nxd2 Bxg2 12. Kxg2 c5 13. Bb2 Nc6 14. Nf3 Qe7 15.
a3 e5 16. dxe5 dxe5 17. Rfd1 Nd4 18. Nxd4 exd4 19. Re1 Rfe8 20. e3 Qb7+ 21. Kg1
Ne4 22. exd4 cxd4 23. h4 g5 24. Rbd1 gxh4 25. Rxd4 Ng5 26. Rxe8+ Rxe8 27. Kh2
Nf3+ 28. Kh3 Nxd4 29. Bxd4 Qh1+ 30. Kg4 Qe4+ 31. Qxe4 Rxe4+ 32. f4 Rxd4 0-1

[Event "Titled Tue 27th May Late"]
[Site "chess.com INT"]
[Date "2025.05.27"]
[Round "2"]
[White "Khlebovich, Alexander"]
[Black "Herrera Ortiz, Miguel"]
[Result "1-0"]
[WhiteTitle "IM"]
[BlackTitle "IM"]
[WhiteElo "2423"]
[BlackElo "2174"]
[WhiteFideId "4169123"]
[BlackFideId "5100550"]
[EventDate "2025.05.27"]

1. d4 d5 2. c4 e6 3. Nf3 Nf6 4. g3 Be7 5. Bg2 O-O 6. O-O a5 7. Qc2 c6 8. Nbd2 b6
9. e4 Na6 10. a3 Bb7 11. Rd1 Rc8 12. Ne5 Nd7 13. Ndf3 f6 14. Nxd7 Qxd7 15. Bh3
Nc7 16. Qe2 Bd6 17. cxd5 cxd5 18. e5 Be7 19. exf6 Bxf6 20. Bf4 Ba6 21. Qe3 Rfe8
22. Rac1 Re7 23. Ne5 Bxe5 24. Qxe5 Ne8 25. Rxc8 Bxc8 26. Rc1 Nf6 27. Qb8 Re8 28.
Rc7 Qd8 29. Rxc8 Qxc8 30. Qxc8 1-0

[Event "Titled Tue 27th May Late"]
[Site "chess.com INT"]
[Date "2025.05.27"]
[Round "2"]
[White "Abramor, Franco"]
[Black "Ghoreishi Amiri, Seyed Kian"]
[Result "0-1"]
[BlackTitle "CM"]
[WhiteElo "2167"]
[BlackElo "2215"]
[WhiteFideId "181633"]
[BlackFideId "36757527"]
[EventDate "2025.05.27"]

1. e4 c5 2. Nf3 d6 3. c3 e5 4. Bd3 Nc6 5. Bc2 g6 6. O-O Bg7 7. d4 cxd4 8. cxd4
Nxd4 9. Nxd4 exd4 10. Nd2 Ne7 11. Nf3 Nc6 12. Bg5 Qb6 13. Bf4 O-O 14. Bxd6 Rd8
15. Ba3 Bg4 16. h3 Bxf3 17. Qxf3 d3 18. Bb3 Ne5 19. Qg3 Qd4 20. Kh1 d2 21. f4
Nd3 22. f5 Be5 23. Bxf7+ Kxf7 24. fxg6+ Kg7 25. Rf7+ Kg8 26. Qh4 Nf2+ 27. Rxf2
d1=Q+ 28. Rf1 hxg6 29. Be7 Qh5 30. Bxd8 Qxd8 0-1

[Event "Titled Tue 27th May Late"]
[Site "chess.com INT"]
[Date "2025.05.27"]
[Round "2"]
[White "Nikhil, M"]
[Black "Martin Fuentes, Alberto"]
[Result "0-1"]
[WhiteTitle "CM"]
[BlackTitle "FM"]
[WhiteElo "2261"]
[BlackElo "2376"]
[WhiteFideId "35015966"]
[BlackFideId "2292289"]
[EventDate "2025.05.27"]

1. Nf3 Nf6 2. e3 c5 3. c4 d6 4. b3 g6 5. Bb2 Bg7 6. g3 O-O 7. Bg2 Nc6 8. O-O Bd7
9. Nc3 Qc8 10. d4 cxd4 11. exd4 Bh3 12. Re1 Bxg2 13. Kxg2 Re8 14. Rc1 a6 15. Nd5
Qd8 16. Nf4 Nd7 17. Qd2 Rc8 18. Nd3 Nb6 19. d5 Bxb2 20. Qxb2 Nb8 21. Re4 N8d7
22. Rce1 Nf6 23. Rh4 Nbd7 24. Qd2 b5 25. Qh6 bxc4 26. bxc4 Nf8 27. Ng5 Qa5 28.
Ne4 Nxe4 29. Rexe4 Qc3 30. Nf4 Rxc4 31. Nxg6 Rxe4 32. Rxe4 fxg6 0-1

[Event "Titled Tue 27th May Late"]
[Site "chess.com INT"]
[Date "2025.05.27"]
[Round "2"]
[White "Szpar, Milosz"]
[Black "Zhukovskyi, Oleksandr"]
[Result "1-0"]
[WhiteTitle "IM"]
[BlackTitle "CM"]
[WhiteElo "2475"]
[BlackElo "2153"]
[WhiteFideId "1184989"]
[BlackFideId "14169371"]
[EventDate "2025.05.27"]

1. e4 Nf6 2. e5 Nd5 3. d4 d6 4. Nf3 e6 5. Bd3 c5 6. dxc5 dxe5 7. Nxe5 Bxc5 8.
O-O O-O 9. Qh5 Nf6 10. Qh3 h6 11. Bxh6 gxh6 12. Qxh6 Nbd7 13. Ng4 Re8 14. Qg5+
Kf8 15. Nh6 Ke7 16. Re1 Kd6 17. Nxf7+ 1-0

[Event "Titled Tue 27th May Late"]
[Site "chess.com INT"]
[Date "2025.05.27"]
[Round "2"]
[White "Khandhadia, Nivaan Rathin"]
[Black "Sethuraman, Roshan"]
[Result "0-1"]
[WhiteTitle "CM"]
[WhiteElo "2112"]
[BlackElo "2074"]
[WhiteFideId "25753274"]
[BlackFideId "30965250"]
[EventDate "2025.05.27"]

1. d4 Nf6 2. c4 e6 3. Nf3 d5 4. Nc3 dxc4 5. e3 a6 6. Bxc4 b5 7. Bd3 Bb7 8. O-O
Nbd7 9. Re1 c5 10. a3 Bd6 11. e4 cxd4 12. Nxd4 Ne5 13. Bc2 Bc5 14. Be3 Nc4 15.
Nxe6 Qxd1 16. Raxd1 Bxe3 17. Nc7+ Ke7 18. Nxa8 Bf4 19. e5 Ne8 20. b3 Bd2 21. Be4
Bxa8 22. Bxa8 Bxc3 23. bxc4 Bxe1 24. Rxe1 bxc4 25. Bd5 c3 26. Rc1 Nc7 27. Bc4
Rc8 28. Rxc3 Nb5 0-1

[Event "Titled Tue 27th May Late"]
[Site "chess.com INT"]
[Date "2025.05.27"]
[Round "2"]
[White "Xiong, Jeffery"]
[Black "Vlassov, Nikolai"]
[Result "1-0"]
[WhiteTitle "GM"]
[BlackTitle "IM"]
[WhiteElo "2636"]
[BlackElo "2291"]
[WhiteFideId "2047640"]
[BlackFideId "4103360"]
[EventDate "2025.05.27"]

1. e4 Nc6 2. Nf3 d5 3. exd5 Qxd5 4. Nc3 Qa5 5. d4 Bg4 6. Bb5 O-O-O 7. Bxc6 bxc6
8. Qd3 c5 9. O-O Bxf3 10. Qxf3 cxd4 11. b4 Qa6 12. Ne4 e5 13. Ng5 Nh6 14. Nxf7
Nxf7 15. Qxf7 Qc6 16. Bg5 Qd5 17. Qf5+ Rd7 18. c4 Qxc4 19. Rfc1 Qd5 20. Qd3 e4
21. Qa6+ Qb7 22. Qe6 Qd5 23. Qe8+ Kb7 24. Rab1 g6 25. Rc5 Qxa2 26. Qxe4+ c6 27.
Qxc6+ 1-0

[Event "Titled Tue 27th May Late"]
[Site "chess.com INT"]
[Date "2025.05.27"]
[Round "2"]
[White "Bratovic, Blaz"]
[Black "Ruchinskaya, Valerie"]
[Result "1-0"]
[WhiteTitle "IM"]
[BlackTitle "WCM"]
[WhiteElo "2319"]
[BlackElo "1908"]
[WhiteFideId "14603551"]
[BlackFideId "2631440"]
[EventDate "2025.05.27"]

1. e4 e6 2. d4 d5 3. e5 c5 4. c3 Nc6 5. Nf3 Bd7 6. Bd3 cxd4 7. O-O Qb6 8. Re1
Nge7 9. Qe2 Ng6 10. h4 Be7 11. h5 Nh4 12. h6 g6 13. Nxh4 Bxh4 14. Nd2 O-O-O 15.
Nf3 Be7 16. cxd4 f6 17. exf6 Bxf6 18. Bf4 Rde8 19. Rac1 Rhf8 20. Bg3 Bd8 21. Bb5
Bc7 22. Bxc6 Bxc6 23. Ne5 Bxe5 24. Qxe5 Rf7 25. Qb8+ Kd7 26. Qd6+ Kc8 27. b4 a6
28. a4 1-0

[Event "Titled Tue 27th May Late"]
[Site "chess.com INT"]
[Date "2025.05.27"]
[Round "2"]
[White "Rosen, Eric"]
[Black "Rose, Felix"]
[Result "1-0"]
[WhiteTitle "IM"]
[BlackTitle "CM"]
[WhiteElo "2377"]
[BlackElo "2093"]
[WhiteFideId "2032562"]
[BlackFideId "5105722"]
[EventDate "2025.05.27"]

1. d4 d5 2. Bf4 Nf6 3. Nf3 e6 4. e3 Bd6 5. Ne5 O-O 6. Nd2 c5 7. c3 Nc6 8. Bd3
Qc7 9. Ndf3 b6 10. h4 Bb7 11. h5 h6 12. g4 Ne4 13. g5 Nxg5 14. Nxg5 hxg5 15.
Bxg5 Nxe5 16. dxe5 Bxe5 17. h6 g6 18. f4 d4 19. fxe5 Bxh1 20. h7+ Kxh7 21. Bf6
Rh8 22. Qh5+ 1-0

[Event "Titled Tue 27th May Late"]
[Site "chess.com INT"]
[Date "2025.05.27"]
[Round "2"]
[White "Amarasinghe, A A C B"]
[Black "Dudzinski, Piotr"]
[Result "0-1"]
[WhiteTitle "CM"]
[BlackTitle "FM"]
[WhiteElo "1949"]
[BlackElo "2335"]
[WhiteFideId "9901809"]
[BlackFideId "1119362"]
[EventDate "2025.05.27"]

1. d4 d5 2. c4 e6 3. g3 Nf6 4. Bg2 Be7 5. Nf3 O-O 6. O-O c6 7. Qc2 Nbd7 8. Nbd2
b6 9. e4 dxe4 10. Nxe4 Bb7 11. Rd1 Qc8 12. Ne5 Nxe5 13. dxe5 Nxe4 14. Bxe4 h6
15. c5 Bxc5 16. Qe2 Rd8 17. Bd2 Qc7 18. b4 Bd4 19. Rac1 Bxe5 20. b5 Bb2 21. bxc6
Ba6 22. Qg4 Bxc1 23. Bxc1 f5 24. Rxd8+ Rxd8 25. Qf4 Qxf4 26. Bxf4 fxe4 27. c7
Rd1+ 28. Kg2 Bf1+ 0-1

[Event "Titled Tue 27th May Late"]
[Site "chess.com INT"]
[Date "2025.05.27"]
[Round "2"]
[White "Mahdavi, Reza"]
[Black "Kuznetsov, Felix"]
[Result "1-0"]
[WhiteTitle "IM"]
[BlackTitle "FM"]
[WhiteElo "2445"]
[BlackElo "2170"]
[WhiteFideId "12595926"]
[BlackFideId "34147990"]
[EventDate "2025.05.27"]

1. e4 c5 2. Nf3 Nc6 3. Bb5 d6 4. c3 Bd7 5. O-O Nf6 6. Re1 a6 7. Bf1 Bg4 8. h3
Bxf3 9. Qxf3 g6 10. Qe3 Bg7 11. d4 cxd4 12. cxd4 O-O 13. Nd2 Rc8 14. a3 Nd7 15.
Nf3 b5 16. Bd2 Qb6 17. Bc3 Na5 18. Rad1 Nc4 19. Qf4 Nxa3 20. e5 Nc4 21. Qh4 e6
22. b3 Na3 23. Bd2 Rfe8 24. Bh6 Nc2 25. Re4 Qd8 26. Ng5 Nf8 27. Rf4 Rc7 28. exd6
Qxd6 29. Ne4 Qe7 30. Bg5 Qa3 31. Nf6+ Bxf6 32. Bxf6 Nd7 33. Qxh7+ 1-0

[Event "Titled Tue 27th May Late"]
[Site "chess.com INT"]
[Date "2025.05.27"]
[Round "2"]
[White "Ahmad, Khagan"]
[Black "Schuster, Karsten"]
[Result "1-0"]
[WhiteTitle "IM"]
[BlackTitle "FM"]
[WhiteElo "2405"]
[BlackElo "2266"]
[WhiteFideId "13431552"]
[BlackFideId "4611071"]
[EventDate "2025.05.27"]

1. d4 d5 2. c4 c6 3. Nf3 Nf6 4. Nc3 a6 5. b3 Bg4 6. Bf4 Bxf3 7. gxf3 e6 8. e3
Bd6 9. Bxd6 Qxd6 10. f4 b5 11. c5 Qc7 12. b4 a5 13. a3 axb4 14. axb4 Rxa1 15.
Qxa1 O-O 16. Bd3 Nbd7 17. Ke2 g6 18. Qa5 Qb8 19. Ra1 Nh5 20. Qa7 Qd8 21. Qb7 Nb8
22. Ra8 Kg7 23. Nb1 Nf6 24. Nd2 Nfd7 25. Nf3 Kh6 26. Ne5 Nxe5 27. fxe5 Kg7 28.
Kd2 h5 29. f4 Qh4 30. Rxb8 Qf2+ 31. Be2 Rxb8 32. Qxb8 Qxh2 33. Qd8 h4 34. f5
gxf5 35. Qf6+ Kg8 36. Kd3 h3 37. Bh5 Qg3 38. Qxf7+ Kh8 39. Bg6 1-0

[Event "Titled Tue 27th May Late"]
[Site "chess.com INT"]
[Date "2025.05.27"]
[Round "2"]
[White "Lavorgna, Giovanni"]
[Black "Iskusnyh, Sergei"]
[Result "0-1"]
[WhiteTitle "CM"]
[BlackTitle "GM"]
[WhiteElo "1902"]
[BlackElo "2440"]
[WhiteFideId "11800100"]
[BlackFideId "4120027"]
[EventDate "2025.05.27"]

1. d4 Nf6 2. c4 g6 3. f3 c5 4. dxc5 Bg7 5. e4 Qa5+ 6. Nc3 Qxc5 7. Qd3 Nc6 8. Be3
Qb4 9. Qd2 O-O 10. Nge2 d6 11. Ng3 Be6 12. Nd5 Qxd2+ 13. Kxd2 Rfc8 14. Be2 Kf8
15. Rac1 Nd7 16. h4 Bxb2 17. Rb1 Bg7 18. Rxb7 Na5 19. Rb4 Bxd5 20. cxd5 Bc3+ 0-1